Szczegóły MARC21

Wstęp do geografii fizycznej /

003 -Nazwa inst., której nr kontr. jest w polu 001 [,]
    • @
    • Nazwa instytucji, której n kontrolny jest w polu 001
    • NUKAT
005 -DATA I CZAS OSTATNIEJ MODYFIKACJI [,]
    • @
    • pole kontrolne
    • 20241231085542.0
020 -Międzynarod. znormalizowany nr książki - ISBN [ , ]
    • a
    • Numer ISBN
    • 8302030856 Find
040 -Instytucja sporządzająca opis [ , ]
    • a
    • Instytucja, która sporządziła opis (NP)
    • KR 119/EP
    • c
    • Instytucja, która sporządziła rekord (NP)
    • KR 119/EP
    • d
    • Instytucja, która zmodyfikowała rekord (P)
    • KR 119/EP
    • d
    • Instytucja, która zmodyfikowała rekord (P)
    • KR 119/SWs
942 -Rodzaj dokumentu [ , ]
    • c
    • Rodzaj dokumentu
    • Książka
100 -Hasło główne - nazwa osobowa [1, ]
    • a
    • Nazwa osobowa (NP)
    • Flis, Jan
    • d
    • Daty biograficzne (NP)
    • (1912-1993).
    • 9
    • KHW
    • 71665
245 -Strefa tytułu i oznaczenia odpowiedzialności [1,0]
    • a
    • Tytuł
    • Wstęp do geografii fizycznej / Find
    • c
    • Pozostałe elementy strefy tytułu i oznaczenia odpowiedzialności (NP)
    • Jan Flis.
250 -Strefa wydania [ , ]
    • a
    • Oznaczenie wydania (NP)
    • Wyd. 2 popr.
260 -Strefa adresu wydawniczego [ , ]
    • a
    • Miejsce wydania (P)
    • Warszawa :
    • b
    • Nazwa wydawcy (P)
    • Wydawnictwa Szkolne i Pedagogiczne,
    • c
    • Data wydania (P)
    • 1988.
300 -Strefa opisu fizycznego [ , ]
    • a
    • Określenie formy książki i/lub objętość (NP)
    • 443 s. :
    • b
    • Oznaczenie ilustracji (NP)
    • il. ;
    • c
    • Format (NP)
    • 25 cm.
336 -Typ zawartości [ , ]
    • a
    • Termin opisujący typ zawartości
    • Tekst
    • b
    • Kod określający zawartość
    • txt
    • 2
    • Źródło (terminu i kodu)
    • rdacontent
337 -Typ mediów [ , ]
    • a
    • Tryb odtwarzania
    • Bez urządzenia pośredniczącego
    • b
    • Kod typu mediów
    • n
    • 2
    • Źródło (terminu i kodu)
    • rdamedia
338 -Typ/rodzaj nośnika [ , ]
    • a
    • Hasło opisujące typ nośnika
    • Wolumin
    • b
    • Kod typu nośnika
    • nc
    • 2
    • Źródło (terminu i kodu)
    • rdacarrier
504 -Uwaga dot. bibliogr. załącznikowej [ , ]
    • a
    • Uwaga dot. bibliografii załącznikowej
    • Literatura uzupełniająca s. 424.
504 -Uwaga dot. bibliogr. załącznikowej [ , ]
    • a
    • Uwaga dot. bibliografii załącznikowej
    • Indeks.
080 -Uniwersalna Klasyfikacja Dziesiętna [ , ]
    • 2
    • Identyfikator wydania tablic
    • UDC-P058
    • a
    • Symbol klasyfikacji
    • 911.2
    • b
    • Dopowiedzenie
    • Geografia fizyczna. Fizjografia. Geografia fizyczna jako nauka. Ogólna geografia fizyczna.
    • 9
    • UKD
    • 6779
    • 4
    • UKD2
    • 8594
    • x
    • Poddział wspólny
    • (07)
    • c
    • Dopowiedzenie poddz. wspólnego
    • (Wydawnictwa dydaktyczne. Podręczniki).
650 -Hasło przedmiotowe [ ,7]
    • a
    • Hasło przedmiotowe
    • Geografia fizyczna
    • v
    • Określnik formalny
    • podręczniki.
    • 2
    • Źródło terminu
    • kaba
    • 9
    • KHW
    • 362639
980 -Symbol UKD [ , ]
    • a
    • UKD
    • 911.2(07)
710 -Hasło dodatkowe - nazwa ciała zbiorowego [2, ]
    • a
    • Nazwa ciała zbiorowego lub nazwa geograficzna jako pierwszy element (NP)
    • Wydawnictwa Szkolne i Pedagogiczne.
    • 4
    • Kod relacji
    • pbl
    • 9
    • KHW
    • 52547
920 -ISBN [ , ]
    • a
    • ISBN
    • 83-02-03085-6 Find
Lokalizacja Data inwentaryzacji Uwagi nie widoczne w OPAC Status udost. Numer inwentarzowy Sygnatura
BG retrokonwersja-3W.160704W.160704
BG retrokonwersja-3W.160705W.160704
BG retrokonwersja-3W.160706W.160704
BG retrokonwersja-3W.160707W.160704
BG retrokonwersja1Z.74050Z.74050
BG retrokonwersja2N.13444 
BG retrokonwersja2Bl.2618